000 00503nam a2200193 a 4500
001 1767681890210
003 YourLibrary
005 20260107144232.0
008 260106s1990##################000#0#eng##
020 _a9780820411507
082 0 4 _a300.72
_bROT
100 1 _aRoth, Jeffrey,
_eauthor.
245 1 0 _aThe Disturbed Subject :
260 _bPeter Lang Pub Incorporated,
_c1990.
300 _a134 pages
650 0 _aPsychology.
942 _cENGLISH
040 _aYourLibrary
_beng
_cYourLibrary
999 _c607454
_d607454